Name a Valid Country - NOT the United States - Statistics

General Stats
  • This quiz has been taken 112 times
  • The average score is 13 of 16
Answer Stats
Possible Hint Answer % Correct
6 Begins with a "U" Uganda | Ukraine | United Arab Emirates | United Kingdom | Uruguay | Uzbekistan
100%
9 Has hosted the FIFA World Cup outside of Europe Argentina | Brazil | Chile | Japan | Mexico | Qatar | South Africa | South Korea | Uruguay
96%
9 Has won over 200 Olympic gold medals China | France | Germany | Italy | Japan | Norway | Soviet Union | Sweden | United Kingdom
96%
7 Has hosted the Olympics outside of Europe Australia | Brazil | Canada | China | Japan | Mexico | South Korea
95%
9 In possession of nuclear warheads China | France | India | Israel | North Korea | Pakistan | Russia | United Kingdom
95%
5 Area exceeds 5 million km² Australia | Brazil | Canada | China | Russia
94%
5 Has more than 80 million Christians Brazil | Mexico | Nigeria | Philippines | Russia
94%
13 Speed limits posted in miles per hour Antigua & Barbuda | Bahamas | Belize | Dominica | Grenada | Liberia* | Marshall Islands | F.S. Micronesia | Palau | St. Kitts & Nevis | St. Lucia | St. Vincent & the Grenadines | United Kingdom
93%
6 Has placed at least third in the World Baseball Classic Cuba | Dominican Republic | Japan | Mexico | South Korea | Venezuela
83%
6 Association football is generally called "soccer" in English Australia | Canada | Ireland | New Zealand* | Papua New Guinea | South Africa
81%
16 Adult obesity rate over 40% Bahamas | Belize | Egypt | F.S. Micronesia | Iraq | Kiribati | Kuwait | Marshall Islands | Nauru | Palau | Qatar | Samoa | Saudi Arabia | St. Kitts & Nevis | Tonga | Tuvalu
78%
20 Former British colony that drives on the right Bahrain | Belize | Canada | Egypt | Gambia | Ghana | Iraq | Israel | Jordan | Kuwait | Myanmar | Nigeria | Oman | Qatar | Sierra Leone | South Sudan | Sudan | United Arab Emirates | Vanuatu | Yemen
76%
2 Birthplace of a British PM outside the modern-day UK Canada | Ireland
72%
4 Numeric dates written in MDY format Canada* | F.S. Micronesia | Marshall Islands | Philippines
64%
8 Has more than 0.8 vehicles per capita Andorra | Brunei | Liechtenstein | Luxembourg | Malta | New Zealand | San Marino | Taiwan
48%
3 Weather temperatures always measured in °F F.S. Micronesia | Liberia | Marshall Islands
48%
No matching quizzes found
Score Distribution
Percent of People with Each Score
Percentile by Number Answered
Your Score History
You have not taken this quiz